Mangalam Varshika Pathippu (Record no. 50913)

MARC details
000 -LEADER
fixed length control field 00421nam a2200145Ia 4500
008 - FIXED-LENGTH DATA ELEMENTS--GENERAL INFORMATION
fixed length control field 211109s9999||||xx |||||||||||||| ||und||
082 ## - DEWEY DECIMAL CLASSIFICATION NUMBER
Classification number 894.81205
Item number VAR-M
100 ## - MAIN ENTRY--PERSONAL NAME
Personal name Varghese, M C
245 #0 - TITLE STATEMENT
Title Mangalam Varshika Pathippu
260 ## - PUBLICATION, DISTRIBUTION, ETC.
Name of publisher, distributor, etc. Mangalam
Place of publication, distribution, etc. Kannur
Date of publication, distribution, etc. 1900
300 ## - PHYSICAL DESCRIPTION
Extent 300p.
630 ## - SUBJECT ADDED ENTRY--UNIFORM TITLE
General subdivision Reference reading room
650 ## - SUBJECT ADDED ENTRY--TOPICAL TERM
Topical term or geographic name entry element Malayalam literature
942 ## - ADDED ENTRY ELEMENTS (KOHA)
Koha item type BOOK
650 ## - SUBJECT ADDED ENTRY--TOPICAL TERM
Form subdivision Literature & rhetoric
General subdivision Malayalam studyGeneralia
Holdings
Withdrawn status Lost status Damaged status Use restrictions Not for loan Home library Current library Date acquired Cost, normal purchase price Total Checkouts Full call number Barcode Shelving location Date last seen Price effective from Koha item type
      RESTRICTED   SB LIBRARY SB LIBRARY 09/11/2021 100.00   894.81205 VAR-M 00093115 REFERENCE READING ROOM 09/11/2021 09/11/2021 BOOK

Powered by Koha